Ville Ibérique (Espagne+Portugal) - Top 200 Ville Europe - Statistiques

Statistiques générales
  • Ce quiz a été pris 188 fois
  • Le résultat moyen est 11 sur 15
Statistiques - réponses
Indice Réponse % Correct
2,55M Lisbonne
100%
4,70M Barcelone
99%
6,35M Madrid
99%
1,15M Porto
99%
1,33M Séville
93%
1,76M Valence
91%
875k Bilbao
85%
1,02M Malaga
78%
751k Saragosse
65%
561k Grenade
53%
621k Palma de Majorque
49%
424k Valladolid
49%
481k Vigo
48%
757k Alicante
43%
502k Murcie
38%
Aucun quiz correspondant
Distribution des résultats
% des personnes avec chaque résultat
Percentile par nombre de réponses
Votre historique - résultats
Vous n’avez pas pris ce quiz